00473 2200169 4500001002100000008004100021035002000062245008500082100001200167260003400179300002100213020001800234084001400252082000800266650001600274990001300290INLIS000000000001052 ind  a0010-0120001052 aSahabat yang Datang dan PergibIslamic Rose Book Islam di Sudut ArizonacDelgado aDelgado aSolo :bTiga Serangkai,c2005 a216 hlm.c18 cm. a979-668-652-X a813 DEL s a813 aNovel Fiksi a11900566